Statistiques concernant Nombres en coréen

Cliquez ici pour prendre le quiz!

Statistiques générales

  • Ce quiz a été pris 782 fois
  • Le résultat moyen est 9 sur 20

Statistiques - réponses

CoréenNombre% Correct
사십 구49
83%
팔십 일81
80%
오십 육56
75%
십팔18
69%
4
67%
십칠17
64%
이십 칠27
64%
삼십 칠37
64%
사백400
64%
사십 칠47
64%
칠십 육76
64%
육십 오65
63%
십오15
62%
사십 팔48
62%
3
60%
삼십 이32
60%
육십 삼63
60%
칠십 삼73
60%
육십 사64
58%
오십 일51
57%
칠십 이72
56%
구십 팔98
56%
삼십 사34
55%
십이12
54%
팔십 육86
54%
구십90
54%
칠십 사74
53%
10
50%
십구19
50%
이십v20
50%
이십 사24
50%
삼십30
50%
삼십 오35
50%
사십 일41
50%
5
50%
오백500
50%
육백600
50%
육십 칠67
50%
칠십70
50%
칠백700
50%
팔백800
50%
팔십 오85
50%
이십 육26
47%
오십 삼53
47%
구십 이92
47%
사십 삼43
46%
오십 오55
46%
구십 육96
46%
이천2000
45%
사십 이42
45%
오십50
45%
오십 팔58
45%
오십 구59
45%
육십 일61
45%
팔십 이82
45%
구백900
45%
구십 오95
45%
이십 팔28
44%
삼십 팔38
44%
오십 칠57
44%
칠천7000
44%
칠십 팔78
44%
7
43%
십일11
42%
십삼13
42%
2
42%
삼십 삼33
42%
사십40
42%
8
42%
팔십 삼83
42%
팔십 사84
42%
팔십 구89
42%
사십 오45
40%
육천6000
40%
팔천8000
40%
구십 삼93
40%
십육16
38%
삼십 일31
38%
오십 이52
38%
칠십 구79
38%
십사14
36%
이십 일21
36%
삼백300
36%
삼십 육36
36%
사십 사44
36%
10000
33%
이십 오25
33%
칠십 일71
33%
칠십 오75
33%
팔십 칠87
33%
구십 구99
33%
삼천3000
31%
100
30%
이십 구29
30%
육십 구69
30%
9
30%
사천4000
29%
구십 일91
29%
구십 사94
29%
구십 칠97
29%
1
27%
삼십 구39
27%
오십 사54
27%
이백200
25%
이십 이22
25%
육십 육66
25%
오천5000
22%
칠십 칠77
21%
이십 삼23
20%
사십 육46
20%
팔십 팔88
20%
6
18%
구천9000
18%
육십60
17%
1000
14%
팔십80
14%
육십 이62
13%
육십 팔68
13%

Distribution des résultats

Percentile par nombre de réponses

% des personnes avec chaque résultat

Votre développement - résultats

Vous n’avez pas pris ce quiz